000 00487nam a2200157Ia 4500
999 _c19727
_d19727
003 OSt
005 20200618114019.0
008 190216s9999||||xx |||||||||||||| ||und||
040 _coclc
082 _a954
_bRAM/A
100 _aRamachandran, C E
_93040
245 0 _aAspects Of Indian History And Culture /
_cC E Ramachandran ; K V Raman
260 _bBooks and Books Publishers,
_c1984.
_aNew Delhi:
300 _a352p
942 _cBK
_2ddc
_h954
_iRAM/A
_k954
_mRAM/A